000 00268nam a2200121 a 4500
008 100917s1990|||| d
100 1 _aDenker, Henry
245 1 0 _aPobúrenie
260 _bSmena
_aBratislava
_c1990
020 _c29
044 _axo
_cSK
041 _aslo
999 _c10416
_d10416